Criminal Minds Characters - Statistics

General Stats
  • This quiz has been taken 523 times
  • The average score is 11 of 16
Answer Stats
Season Character Name % Correct
1-15 Spencer Reid
94%
1-12 Aaron Hotchner
93%
1-11 Derek Morgan
93%
1-3 Jason Gideon
92%
2-7, 12-15 Emily Prentiss
91%
2-15 Penelope Garcia
88%
3-15 David Rossi
81%
1-2 Elle Greenaway
79%
12-15 Luke Alvez
68%
8-9 Alex Blake
65%
13-15 Matt Simmons
59%
12-15 Tara Lewis
57%
10 Kate Callahan
49%
1-5, 7-15 Jennifer Jareau
47%
6 Ashley Seaver
46%
12 Stephen Walker
34%
No matching quizzes found
Score Distribution
Percent of People with Each Score
Percentile by Number Answered
Your Score History
You have not taken this quiz